Регионална библиотека "Любен Каравелов" - Русе

КГБ в България (Запис номер 88337)

MARC детайли
000 -Лидер
Контролно поле с фиксирана дължина 01978nam a2200421 c 4500
003 - Код на организацията, давaща контролен номер
Контролно поле BLK
005 - Дата и час на последна редакция
Контролно поле 20240102095210.0
008 - Елементи от данни с фиксирана дължина
fixed length control field 180408b bul|||||r ||||||| ||bul||
010 ## - Наследен системен номер
LC control number KNG00092999000
020 ## - Международен стандартен номер на книга ISBN
Международен стандартен номер на книга ISBN 978-954-509-424-8
-- издат.: Воен. изд.
040 ## - Източник на каталожния запис
Идентификатор на билиотеката - собственик на записа BLK
041 ## - Код за език
Код за езика на текст/звукозапис или на отделно заглавие Български
Код за езика КДБФ Български
080 ## - УДК
Текстов определител УДК Органи на обществения ред. Полиция. Обществена власт. Доброволни отреди. Държавна сигурност. Милиция. Дейност на полицията по вътрешно разузнаване
УДК код - определител по УДК 351.74
УДК определител (47+57:497.2)(091)
УДК - код + определител 351.74(47+57:497.2)(091)
080 ## - УДК
Текстов определител УДК Шпионаж. Политическо влияние чрез тайни (разузнавателни) служби
УДК код - определител по УДК 327.84
УДК определител (47+57:497.2)
УДК - код + определител 327.84(47+57:497.2)
100 1# - Редна дума - Автор
Автор Баев, Йордан Ангелов
Авторска отговорност първи автор
R(LIN) 255029
139 ## - Редно поле
Редна дума Баев, Йордан Ангелов
Авторски знак Баг - Б 13
245 10 - Сведения за заглавието
Заглавие КГБ в България
Подзаглавни данни Сътрудничеството между съветските и бълг. тайни служби 1944 - 1991
Редно поле (дума) Йордан Ангелов Баев.
257 ## - Страна на издаване
Страна на създаване/издаване България
260 ## - Област на издателските данни
-- София
Име на издателя, разпространителя и проч. Воен. изд.
Година на издаване 2009
300 ## - Физическа характеристика
Страници 352 с.
Илюстрации и др. с табл., факс.
Размери/Мащаб 24 см
380 ## - Жанр
Жанр Обществени науки
500 ## - Общи забележки
Забележка Библиогр. с. 295-309.
504 ## - Забележка за наличие на библиография и др
Забележка за наличие на библиография и под. 295-309
650 #4 - Допълнително описание по предмет – тема
Основно описание – тема или топоним Държавна сигурност - СССР - история
9 (RLIN) 255978
650 #4 - Допълнително описание по предмет – тема
Основно описание – тема или топоним Държавна сигурност - България
9 (RLIN) 254494
651 #4 - Допълнително описание по предмет - топоним
Географско понятие СССР
9 (RLIN) 179592
651 #4 - Допълнително описание по предмет - топоним
Географско понятие България
9 (RLIN) 241624
653 ## - Ключова дума – ненормативна
Ключова дума държавна сигурност
653 ## - Ключова дума – ненормативна
Ключова дума тайни служби
653 ## - Ключова дума – ненормативна
Ключова дума КГБ
653 ## - Ключова дума – ненормативна
Ключова дума история
852 ## - Местоположение
Форматна сигнатура Цб 246239
856 4# - Електронен адрес и достъп
Електронен формат pdf - файл
Път до файла /url/
856 4# - Електронен адрес и достъп
Електронен формат pdf - файл
Път до файла /url/
942 ## - АРТИКУЛИ
Вид на библиотечния материал Книги
Скрит в OPAC Не
Koha issues (borrowed), all copies 2
944 ## - СЪЗДАВАНЕ И РЕДАКЦИЯ на ЗАПИСА
Създаване/Редакция Създаване
Дата на регистрацията/редакция 11.12.2009
Статус, дата на статуса Мартин Енчев
Служител, извършил регистрацията/редакцията 30575
944 ## - СЪЗДАВАНЕ И РЕДАКЦИЯ на ЗАПИСА
Създаване/Редакция Редакция
Дата на регистрацията/редакция 04.01.2010
Статус, дата на статуса ф /
Служител, извършил регистрацията/редакцията
999 ## - СИСТЕМНИ КОНТРОЛНИ НОМЕРА
Koha biblionumber 88337
Koha biblioitemnumber 88337
Наличности
Код за отписване Код за изгубен артикул Код за повреда Коз за рестрикции Код за отдаване Артикулен № Име на библиотеката - собственик Име на библиотеката, в която се намира в момента Статус (Текущо местоположение) Дата на вписване в системата Местоположение - отдел Цена в лева Инвентарен номер Систематично азбучна сигнатура Баркод Номер на екземпляра Цена в евро Служебна бележка Служебен тип на артикула
  Не е изгубен Не е повреден без рестрикции заемане за дома 143201 Регионална библиотека "Любен Каравелов" Русе Регионална библиотека "Любен Каравелов" Русе Заемна - подръчен фонд 2009-12-11 Заемна - подръчен фонд 10.00 120000740350 П 351/Б 13 120000740350 1 5.11 Дост: Pk Вид: Ф N: 2522 Дата: 04.12.2009 Дата инв: 07.02.2018 Бележки инв: П2018 Книги
Vip Innovations Ltd, Rousse, Bulgaria 2025